00345pab a2200133 454500008004000000100001900040245004300059260000900102300001300111362001100124650003100135650001100166773003400177180718b2001 xxu||||| |||| 00| 0 eng d aD'Souza, Errol aBudgetary policy as process, not event c2001 ap.806-08 a10 Mar aBudget - India - 2001-2002 aBudget aEconomic and Political Weekly